1498 1806 1673 1628 1329 1972 1629 1947 1629 1269 1232 1156 1942 1455 1374 1977 1842 1696 1955 1868 1085 1860 1119 1891 1502 1979 1159 1225 1498 1979 1950 1746 1737 1306 1766 1975 1013 1566 1641 1882 1616 1878 1994 1877 1784 1364 1811 1524 1552 1238 1003 1169 1048 1150 1191 1831 1891 1582 1812 1376 1313 1328 1850 1670 1683 1719 1122 1704 1623 1859 1886 1620 1399 1661 1659 1807 1777 1095 1988 1027 1674 1356 1635 1968 1915 1071 1516 1577 1893 1126 1274 1524 1067 1678 1384 1725 1452 1855 1141 BCNSPRNW ULIB Ver.6.0+V

เปลี่ยนเป็นภาษาไทย

Change to English
 แสดงรายละเอียดบรรณานุกรม
  กลับหน้าหลัก

Brief Record : Get Marc (ISO 2709) : E-mail record : QR code < ปิดหน้าต่าง
LEADER : 00000nam 2200000uu 4500
001    13399127089
003     ULIB
008    191010s2560||||th 000 0 tha d
020    ^a9786162321610
060    ^aWS103^bฌ-ด
100    ^aเฌอ
245    ^aดอกไม้บานรับเปิดเทอม นิทานคำสอนของพ่อ (หลวง) ชุดที่ 1 เล่ม 3 (สองภาษา ไทย-อังกฤษ)
250    ^aพิมพ์ครั้งที่ 1
260    ^aกรุงเทพฯ :^bบริษัท บีเวล พับลิชชิ่ง จำกัด,^c2560
300    ^a12 หน้า;^b19 ซม.
650    ^aเด็ก^xการเรียนการสอน
945    ^p35^l0^i006277
999    ^aประนอม เกษจรัล
รายการนี้ยังไม่มีแท็ก
คุณยังไม่ได้ล็อกอิน คุณสามารถมีกิจกรรมร่วมกับเว็บไซต์ได้ แต่ต้องล็อกอินก่อน ::
  ล็อกอิน

รายการสื่อสารสนเทศ

ลำดับที่ ประเภท เลขเรียก/บาร์โค้ด สถานที่ สถานะ
1. วิทยาศาสตร์การแพทย์ และสุขภาพ
วิทยาศาสตร์การแพทย์ และสุขภาพ
WS103 ฌ-ด ฉ.1 
  Barcode: 006277
ห้องสมุดวิทยาเขตสวรรค์ประชารักษ์
►หนังสือทั่วไป
บนชั้น

รายการใกล้เคียง
    ผู้แต่ง [เฌอ]

BibComment


ยังไม่เคยถูกคอมเมนท์

คอมเมนท์ทรัพยากรรายการนี้
  คอมเมนท์: ดอกไม้บานรับเปิด..


 Copyright 2026. Bcnsprnw @Library